000 00673nam a2200289Ia 4500
005 20260324125948.0
008 008 260324s9999 xx 000 0 eng d
020 _a9780080553627
037 _aEBOOK
040 _aCRL
040 _beng
040 _cCRL
041 _2eng
041 _aeng
084 _qCRL
100 _aStephen Webber
_91180000
245 0 _aDJ Skills
245 4 _bThe essential guide to Mixing and Scratching
260 _bTaylor and Francis
260 _c2008
365 _a
365 _b300
856 _uhttp://www.taylorfrancis.com/books/9780080553627
942 _cEBOOK
999 _c1775699
_d1775699